Mapping political consensus building magnetic touch of thematic and pragmatic dimensions / (Record no. 5266)
[ view plain ]
| 000 -LEADER | |
|---|---|
| fixed length control field | 00590nam a2200169 4500 |
| 001 - CONTROL NUMBER | |
| control field | 6230 |
| 005 - DATE AND TIME OF LATEST TRANSACTION | |
| control field | 20181127181223.0 |
| 020 00 - INTERNATIONAL STANDARD BOOK NUMBER | |
| International Standard Book Number | 978984341759 |
| 100 00 - MAIN ENTRY--PERSONAL NAME | |
| Personal name | Choudhury, Hasanuzzaman. |
| 245 00 - TITLE STATEMENT | |
| Title | Mapping political consensus building magnetic touch of thematic and pragmatic dimensions / |
| Remainder of title | |
| Statement of responsibility, etc. | Dr. Hasanuzzaman Choudhury. |
| Medium | |
| 250 00 - EDITION STATEMENT | |
| Edition statement | 1st ed. |
| 260 00 - PUBLICATION, DISTRIBUTION, ETC. | |
| Place of publication, distribution, etc. | Bangladesh : |
| Name of publisher, distributor, etc. | Center for Social Research, Bangladesh (CSRB) |
| Date of publication, distribution, etc. | 2016. |
| 300 00 - PHYSICAL DESCRIPTION | |
| Extent | 32 p. ; 20 cm. |
| 650 00 - SUBJECT ADDED ENTRY--TOPICAL TERM | |
| Topical term or geographic name entry element | Bangladesh -- Politics and government. |
| General subdivision | |
| Topical term or geographic name entry element | Politics and government. |
| General subdivision | |
| Withdrawn status | Lost status | Source of classification or shelving scheme | Damaged status | Not for loan | Collection code | Home library | Current library | Shelving location | Serial Enumeration / chronology | Inventory number | Total Checkouts | Full call number | Barcode | Date last seen | Price effective from | Koha item type |
|---|---|---|---|---|---|---|---|---|---|---|---|---|---|---|---|---|
| Dewey Decimal Classification | Main TEST | RTC Library | RTC Library | Main opac | 9954 | 321 CHO | 30010109 | 27/11/2018 | 27/11/2018 | Main |